000 00375nam a2200145Ia 4500
008 230413s9999||||xx |||||||||||||| ||und||
020 _a9788120329133
082 _a005.1
_bT1641
100 _aTanenbaum, Andrew S
245 0 _aStructured computer organization
250 _a5th
260 _aNew Delhi
_bPHI Learning Pvt Ltd.
_c2011
300 _axx, 777p.
942 _cBK
999 _c26289
_d26289